000 00515nam a2200181Ia 4500
003 GCL
008 140319s9999 xx 000 0 ara d
040 _aGCL /
_cGCL
082 0 4 _a813.083
_bس ع
100 1 _aسحر خليفة
245 1 0 _aعباد الشمس /
_cسحر خليفة
260 _a[S.N] :
_bمنظمة التحرير الفلسطينية ،
_c1980
300 _a179 ص
490 _aكتاب
_v0
650 0 4 _aالادب العربى
650 0 4 _aالقصص العربية
942 _2ddc
_cBK
999 _c29681
_d29681